Bekende Rivieren - Statistieken

Algemene statistieken
  • Deze quiz is 162 keer genomen
  • De gemiddelde score is 11 van 20
Antwoordstatistieken
Beschrijving Rivier % Correct
's Werelds langste rivier Nijl
91%
Belangrijkste rivier van Parijs Seine
90%
Stroomt door vier hoofdsteden, inclusief Wenen en Boedapest Donau
88%
Stroomt door Düsseldorf en Basel Rijn
85%
's Werelds grootste rivier in volume Amazone
83%
Belangrijkste rivier van Londen Theems
77%
Langste rivier in Noord-Amerika Mississippi-Missouri
74%
Langste rivier van Europa Wolga
60%
Stroomt parallel aan de Tigris Eufraat
59%
Belangrijkste rivier van Rome Tiber
55%
Hindoeïsmes meest heilige rivier Ganges
51%
Rivier die de Grand Canyon heeft gevormd Colorado
44%
Op één na langste van Afrika Congo
41%
Langste rivier in Indochina Mekong
41%
Langste rivier in Azië Yangtze
31%
Vormt de grens tussen Mexico en Texas Rio Grande
30%
Een hele oude samenleving leefde bij deze rivier in wat nu Pakistan is Indus
27%
"Kleurrijke" rivier die de grens tussen Namibië en Zuid-Afrika vormt Oranje
16%
Verbindt The Great Lakes met de Atlantische Oceaan St. Lawrence
12%
Langste rivier van Australië Murray
9%
Geen overeenkomende quizzen gevonden
Scoreverdeling
Procent van Mensen met Elke Score
Percentiel versus Aantal Correcte Antwoorden
Uw Scoregeschiedenis
U heeft deze quiz nog niet genomen